000 00687nam a2200205Ia 4500
003 GCL
008 140319s9999 xx 000 0 ara d
040 _aGCL /
_cGCL
082 0 4 _a347.08
_bم ط
100 1 _aمصطفى احمد فؤاد
245 1 0 _aالطعن فى الاحكام دراسة فى النظام القضائى الدولى /
_cمصطفى احمد فؤاد
260 _a[S.N] :
_bمنشاة المعارف الاسلامية ،
_c1987
300 _a171 ص
490 _a
650 0 4 _aالقانون
650 0 4 _aالاحكام
650 0 4 _aقانون الاجراءات المدنية
650 0 4 _aالاستئناف فى المحاكم
942 _2ddc
_cBK
999 _c55986
_d55986